Statistiken für Länder nach Hauptstadt - Asien

Klicken Sie hier um das Quiz zu spielen!

Allgemein

  • Dieses Quiz wurde 128 mal gespielt
  • Das Durchschnittsergebnis liegt bei 37 aus 48

Antwortstatistiken

HauptstadtLand% Korrekt
JerusalemIsrael
98%
AnkaraTürkei
98%
BagdadIrak
96%
Abu DhabiVereinigte Arabische Emirate
96%
Kuwait-StadtKuwait
94%
BangkokThailand
94%
JakartaIndonesien
92%
Neu-DelhiIndien
91%
SeoulSüdkorea
91%
PekingChina
90%
KabulAfghanistan
89%
TokioJapan
89%
HanoiVietnam
89%
DamaskusSyrien
88%
DohaKatar
87%
BeirutLibanon
87%
SingapurSingapur
87%
PjöngjangNordkorea
85%
TeheranIran
84%
IslamabadPakistan
84%
BakuAserbaidschan
82%
TaipehTaiwan
82%
NikosiaZypern
79%
Kuala LumpurMalaysia
78%
RiadSaudi-Arabien
78%
Sri Jayawardenapura KotteSri Lanka
76%
MaléMalediven
74%
ManilaPhilippinen
74%
KathmanduNepal
70%
AmmanJordanien
69%
DhakaBangladesch
67%
TiflisGeorgien
67%
UlaanbaatarMongolei
67%
JerewanArmenien
66%
Nur-SultanKasachstan
66%
SanaaJemen
63%
MaskatOman
63%
DiliOsttimor
63%
TaschkentUsbekistan
63%
BischkekKirgisistan
62%
ManamaBahrain
61%
Phnom PenhKambodscha
61%
AschgabatTurkmenistan
60%
VientianeLaos
57%
Bandar Seri BegawanBrunei
56%
DuschanbeTadschikistan
54%
NaypyidawMyanmar
52%
ThimphuBhutan
45%

Verteilung der Resultate

Perzentil nach korrekt beantworteten Fragen

Anzahl Personen mit jedem Resultat

Ihre Resultats-Entwicklung

Sie haben dieses Quiz noch nicht gespielt